000 00503nmm a2200169Ia 4500
008 251105s9999||||xx |||||||||||||||||und||
020 _a9788499401034
041 _aspa
100 _aBesse, Jean Marc
245 0 _aLa sombra de las cosas :
_b Sobre paisaje y geografía
264 _a[Madrid, España] :
_bBiblioteca Nueva,
_c2010
300 _a192 páginas
490 _aPaisaje y teoría
650 _aGeography (General)
856 _uhttps://public.digitaliapublishing.com/a/9071
942 _cCF
999 _c92583
_d92583